[Event "Romanian-ch Open 2022"]
[Site "Eforie Nord"]
[Date "2022.02.23"]
[Round "5.4"]
[White "Miron, Lucian-Costin"]
[Black "Toma, Radu-Cristian"]
[Result "1/2-1/2"]
[WhiteElo "2511"]
[BlackElo "2388"]
[Annotator "TA"]
[PlyCount "156"]
[EventDate "2022.02.20"]
[EventType "swiss"]
[EventCountry "ROU"]
[SourceTitle "playchess.com"]
[Source "ChessBase"]
[SourceQuality "1"]

{[%evp 9,156,0,0,0,0,0,-1,4,19,0,54,21,14,23,46,41,38,5,25,4,81,68,58,65,70,53,70,93,89,92,116,146,143,144,147,142,150,140,139,145,143,140,143,136,137,148,99,105,221,47,46,31,36,36,42,46,68,22,13,9,31,0,0,0,0,0,0,0,0,0,0,0,0,0,0,-8,-8,-8,-8,-8,-8,-16,0,0,0,0,0,-8,-26,-131,-35,-211,-213,-213,-213,-210,-204,-250,-214,-315,-281,-384,-388,-505,-353,-521,-513,-512,-506,-628,-620,-600,-681,-685,-672,-620,-584,-589,-583,-566,0,-127,0,-536,-505,-519,-435,-397,-200,-202,-134,-126,0,0,0,0,0,0,0,0,0,0,0,0,0,0,0,0,0]} 1. d4 Nf6 2. c4 e6 3. Nf3 b6 4. g3 Ba6 5. Qc2 c5 6. d5 {E15: Queen's Indian: 4 g3 sidelines, 4 g3 Ba6 and 4 g3 Bb7 early deviations.} exd5 7. cxd5 Bb7 8. Bg2 Nxd5 9. O-O Nb4 ({Black should try} 9... Nc6 $11) 10. Qa4 {[%mdl 1024] White has compensation.} Be7 {[#]} 11. a3 $146 ({Predecessor:} 11. Rd1 O-O 12. a3 N4a6 13. Nc3 Nc7 14. e4 {1-0 (14) Kozenkov,V (1943)-Skokov,B (2103) Omsk 2009}) 11... Bc6 12. Qb3 N4a6 13. Nc3 (13. Ne5 $5 {[%cal Rb3f7]} O-O 14. Nxc6 Nxc6 15. Rd1 $14) 13... O-O 14. Bf4 g5 (14... Nc7 $11) 15. Be3 $16 {[%cal Oh2h4]} Nc7 $1 16. Rad1 {[%cal Oh2h4,Ba1d1,Bd1d6,Bd6h6][%mdl 32]} Bf6 17. Rd6 g4 18. Nh4 {White is much more active.} Bxh4 19. gxh4 (19. Bxc6 Nxc6 20. gxh4 Qe7 $11) 19... Qxh4 20. Rh6 Qe7 21. Nd5 $1 $40 {[%mdl 128] White has strong attack.} (21. Qc4 $6 Bxg2 22. Kxg2 (22. Qxg4+ Kh8 $11) 22... Nc6 $11) 21... Nxd5 22. Bxd5 {Threatening mate with Qc2.} Kh8 23. Qc3+ f6 24. Bg5 $1 {[%cal Rh6f6]} Bxd5 25. Rxf6 {[%cal Rf6f8]} Kg8 {[#]} 26. Rg6+ {[%mdl 576] Discovered Attack} hxg6 27. Bxe7 Rf5 28. Rd1 {[%cal Od1d5]} Nc6 {[#]} (28... Be6 $16) 29. Bf6 $2 ({Weaker is} 29. e4 Bxe4 30. Rxd7 Ne5 31. Qb3+ Rf7 $11) (29. Bxc5 $1 $18 {[%cal Od1d5][%mdl 512] Strongly threatening Rxd5!} bxc5 (29... Be6 30. Bd6) 30. Rxd5 $1 {[%mdl 512]} (30. e4 $2 Bxe4 31. Qb3+ d5 $19) 30... Rxd5 31. Qc4) 29... Be6 $14 30. Bh8 {[%csl Gh8][%cal Rc3g7]} Rf7 {To avoid Qg7+} 31. Be5 Nxe5 32. Qxe5 Raf8 33. Qe3 (33. Rf1 $14) 33... Rf4 $11 34. Rd6 R8f5 35. Kg2 Kf7 36. Kg3 Ke7 37. Rd5 Rxf2 ({Much less strong is} 37... Rf3+ 38. exf3 Rxf3+ 39. Qxf3 $1 gxf3 40. Rg5 $14) 38. Rxf5 {Chess con chili.} Rxf5 {[%mdl 4096] Endgame KQ-KRB} 39. Qc3 Kd6 40. Qh8 a5 41. Qc8 Rh5 42. Qb7 Rh3+ 43. Kf4 Rb3 44. Qb8+ Kc6 45. Qe5 Kb5 46. Kg5 Rh3 47. Kxg6 Ka4 48. e3 Kb3 49. Qc3+ (49. Kg5 $11) 49... Ka2 $1 $17 50. b4 $2 ({White has to play} 50. Qd2 $1 $15) 50... axb4 $19 ({Inferior is} 50... Rxh2 51. bxc5 bxc5 52. Qxc5 $11) 51. axb4 c4 52. Qc2+ Ka3 53. b5 Rf3 54. Qc1+ (54. Qd2 $142 Ka4 55. Qb2) 54... Ka4 55. Qb2 Rf5 56. e4 Rxb5 57. Qa2+ (57. Qa1+ {only move.} Kb4 58. Qd4) 57... Kb4 {aiming for ...c3.} 58. Qb2+ Kc5 59. Qe5+ Kc6 60. Qd4 Rb3 61. Kf6 Rd3 62. Qb2 Kc5 63. Qf2+ {[#]} Kb5 $1 64. Qb2+ Kc5 $2 (64... Kc6 $19 {and Black stays clearly on top.} 65. Ke5 Rh3) 65. Qf2+ $1 $17 {[#]} Kb5 $2 {[%mdl 8192]} (65... Kb4 $1 $17 {( -> ...Rf3+)} 66. Qxb6+ Kc3) 66. Qb2+ $1 $19 Rb3 67. Qd4 Ka5 68. Ke5 b5 (68... Rf3 $142 69. Qd1 Rh3 70. Qa1+ Kb5 71. Qb2+ Kc6) 69. Qa1+ Kb4 {And now ...c3 would win.} 70. Qe1+ Kc5 (70... c3 $17 {Threatens to win with ...Rb2.} 71. Kd4 Bc4) 71. Qf2+ $11 {The position is equal.} Kc6 72. Qa7 Rd3 73. Qa8+ Kb6 (73... Kc5 $5 74. Qf8+ Kc6 75. Qc8+ Kb6 76. Qd8+ Kc5 77. Qf8+ Kc6 78. Qc8+ Kb6 79. Qd8+ Kc6 80. Qc8+ $11) 74. Qd8+ $1 Kb7 {White must now prevent ...c3.} (74... Kc5 $5 75. Qf8+ Kc6 76. Qc8+ Kb6 77. Qd8+ Kc5 78. Qf8+ Kc6 79. Qc8+ Kb6 80. Qd8+ $11) 75. Qa5 Kc6 76. Qa8+ $1 Kc5 (76... Kb6 $5 77. Qd8+ Kc5 78. Qf8+ Kc6 79. Qc8+ Kb6 80. Qd8+ $11) 77. Qf8+ Kb6 {...c3 is the strong threat.} 78. Qd8+ $1 Kb7 {What a bad dream for Black.  Weighted Error Value: White=0.29 (precise) /Black=0.11 (very precise)} (78... Kc5 $5 79. Qf8+ Kc6 80. Qc8+ Kb6 81. Qd8+ $11) 1/2-1/2

[Event "Romanian-ch Open 2022"]
[Site "Eforie Nord"]
[Date "2022.02.23"]
[Round "5.5"]
[White "Filip, Lucian-Ioan"]
[Black "Nevednichy, Vladislav"]
[Result "1/2-1/2"]
[WhiteElo "2391"]
[BlackElo "2498"]
[Annotator "TA"]
[PlyCount "25"]
[EventDate "2022.02.20"]
[EventType "swiss"]
[EventCountry "ROU"]
[SourceTitle "playchess.com"]
[Source "ChessBase"]
[SourceQuality "1"]

{[%evp 10,25,52,44,46,42,48,49,60,39,43,44,50,49,70,65,58,67]} 1. Nf3 c5 2. c4 g6 3. e4 Bg7 4. d4 Qb6 5. dxc5 Qxc5 6. Be2 {White is slightly better.} d6 {A40: Unusual replies to 1 d4.} 7. O-O Bg4 8. Be3 Qc8 9. Nd4 Bxe2 10. Qxe2 ({Weaker is} 10. Nxe2 Bxb2 11. Nbc3 Bxa1 12. Qxa1 Nd7 $17) 10... Nc6 11. Rd1 {[#]} Nxd4 $146 ({Predecessor:} 11... Nf6 12. f3 Nh5 13. Nc3 Nxd4 14. Bxd4 Bxd4+ 15. Rxd4 Nf4 16. Qd2 Ne6 17. Rd3 Qc5+ {½-½ (38) Filip,L (2469)-Chatalbashev,B (2593) Eforie Nord 2010}) 12. Bxd4 Bxd4 13. Rxd4 {Weighted Error Value: White=0.03 (flawless) /Black=0.06 (flawless)} 1/2-1/2

[Event "Romanian-ch Open 2022"]
[Site "Eforie Nord"]
[Date "2022.02.23"]
[Round "5.6"]
[White "Manolache, Marius"]
[Black "Filip, Andrei"]
[Result "1-0"]
[WhiteElo "2485"]
[BlackElo "2216"]
[Annotator "TA"]
[PlyCount "113"]
[EventDate "2022.02.20"]
[EventType "swiss"]
[EventCountry "ROU"]
[SourceTitle "playchess.com"]
[Source "ChessBase"]
[SourceQuality "1"]

{[%evp 11,113,18,21,8,32,13,0,0,0,0,11,-7,16,2,12,19,13,14,26,19,12,0,0,0,41,0,80,77,58,52,101,-27,-33,-45,-19,-42,-22,-22,0,-33,0,-95,-13,-30,0,-65,0,-56,0,-11,0,0,47,37,40,43,66,-163,-155,-156,-111,-116,-108,-107,-77,-69,-72,-66,-62,-67,-19,-28,0,0,0,0,0,-22,0,0,0,0,53,37,45,14,58,40,33,16,15,14,29981,1303,29982,29983,29983,29984,29984,29985,29985,29976,29997,29998]} 1. d4 d5 2. Nf3 Nf6 3. g3 c6 4. Bg2 g6 5. Nbd2 Bg7 6. O-O O-O 7. Re1 {D02: 1 d4 d5 2 Nf3 sidelines, including 2...Nf6 3 g3 and 2...Nf6 3 Bf4.} Ne4 8. Nxe4 (8. c3 $5 {[%cal Rd2e4]}) 8... dxe4 9. Ne5 {[%cal Bf3e5,Be5c4,Bc4d2,Bd2e4][%mdl 32] The position is equal.} f6 10. Nc4 Be6 11. Nd2 Qxd4 {[#]} 12. c3 $146 ({Predecessor:} 12. Nxe4 Qe5 13. c3 Nd7 14. Bf4 Qa5 15. Bd2 Rfd8 16. c4 Qh5 17. Qc1 Bh3 18. Bh1 {1-0 (38) Rosic,S (2340)-Benderac,S (2240) Vrnjacka Banja 1996}) 12... Qb6 13. Nxe4 Rd8 14. Qc2 Nd7 15. Bf4 h6 16. Rad1 Bxa2 17. Be3 Qb5 {[#]} (17... Qb3 $11 18. Qc1 Ne5) 18. Rd4 (18. Rxd7 $1 $14 Rxd7 19. Nc5) 18... c5 {[#]} (18... a5 $1 $11) 19. Nxc5 $1 $16 {White is more active.} Nxc5 20. Rb4 $1 Qa5 {[#]} (20... Qe8 $1 $14) 21. Qxg6 (21. Ra1 $1 $16) 21... Bf7 $11 22. Qf5 e5 (22... Nb3 $5 {[%cal Ra5f5]} 23. Rb5 e6 24. Rxa5 exf5 25. Rxf5 Rd7 $15) 23. Rh4 (23. Bxc5 $2 Qxc5 24. Rxb7 Rac8 $19) 23... Be6 24. Qg6 Bf7 25. Qf5 Be6 26. Qf3 {[#]} (26. Qg6 $11 {keeps the balance.} Bf7 27. Qf5) 26... Bd5 (26... Qc7 $1 $17 {...e4 is the strong threat.} 27. Bxh6 b6) 27. Qh5 {Strongly threatening Bxd5+.} Bf7 28. Qf5 Be6 (28... Qc7 $1 $15 29. Rxh6 Rd6) 29. Qb1 ({White should play} 29. Qg6 $11 Bf7 30. Qf5) 29... Ba2 (29... Qc7 $1 $15 30. Bxh6 a5) 30. Qc1 Nb3 31. Qc2 Nd4 32. Bxd4 $14 exd4 33. Ra1 $1 Kh8 {[%cal Oa2b3]} (33... dxc3 $2 34. bxc3 f5 35. Bxb7 (35. Qxa2+ Qxa2 36. Rxa2 Rd1+ 37. Bf1 Bxc3 $16) (35. Rxa2 Qxc3 36. Bxb7 Rab8 $18) 35... Qxc3 36. Qxc3 (36. Qxa2+ Kh7 $18) (36. Rxa2 Rab8 $18) 36... Bxc3 37. Rxa2 $18) 34. Qg6 $2 {[#]} (34. b4 $1 $14 Bb3 35. Qb1) 34... Qg5 $1 $19 35. Qc2 d3 36. exd3 $17 Bd5 37. Bxd5 Rxd5 38. d4 Rdd8 39. Re4 Qg6 40. Rae1 Kh7 (40... Rd7 $15) 41. Qa4 Bf8 42. Qb5 Rab8 43. Re6 Kh8 44. h4 Qf7 45. Qf5 Re8 46. d5 Qd7 (46... Rbd8 $11) 47. Qxf6+ Bg7 48. Qf5 {And now Rxe8+ would win.} Qb5 (48... Rxe6 $11 {deserves consideration.} 49. Rxe6 (49. dxe6 Qe7 $14) (49. Qxe6 Rd8 $11) 49... Qa4) 49. Qf4 {aiming for Re7.} Rf8 50. Rxh6+ Kg8 51. Qe4 {Qh7+ would kill now. The board is on fire.} Rbe8 $2 {[%mdl 8192]} (51... Bxh6 {leads to mate.} 52. Qg6+ Kh8 53. Qxh6+ Kg8 54. Re7) (51... Rf7 $11 52. Qh7+ (52. Qg6 Qxd5 53. Qd6 Rd8 $11) 52... Kf8) 52. Qh7+ Kf7 53. Ree6 {White mates.} Rxe6 54. dxe6+ Ke8 55. Qg6+ Kd8 56. Qxg7 Rxf2 57. Rh8+ {What a bad dream for Black.  Weighted Error Value: White=0.19 (very precise) /Black=0.31} 1-0

[Event "Romanian-ch Open 2022"]
[Site "Eforie Nord"]
[Date "2022.02.23"]
[Round "5.7"]
[White "Georgescu, Tiberiu-Marian"]
[Black "Antal, Hunor-Zoltan"]
[Result "1-0"]
[WhiteElo "2467"]
[BlackElo "2172"]
[Annotator "TA"]
[PlyCount "107"]
[EventDate "2022.02.20"]
[EventType "swiss"]
[EventCountry "ROU"]
[SourceTitle "playchess.com"]
[Source "ChessBase"]
[SourceQuality "1"]

{[%evp 9,107,19,54,15,64,49,81,71,62,31,44,48,29,0,0,0,0,0,0,10,12,-16,-10,-9,0,-5,-4,-21,-6,-19,-27,-11,-18,-18,-19,-31,-29,-207,0,-23,-23,-21,0,-14,-13,-88,-108,-103,-70,-95,0,-4,-4,-10,4,2,57,23,210,203,218,58,62,56,54,70,127,113,90,100,198,199,195,199,199,181,269,198,184,158,159,159,161,152,160,166,162,164,163,169,926,908,1342,1272,29962,29962,12829,12826,6827,6820]} 1. Nf3 d5 2. g3 Nf6 3. Bg2 Bg4 4. O-O Nbd7 5. h3 Bf5 6. d3 {[#] A07: Réti Opening: New York and Capablanca Systems.} (6. c4 $5 {[%cal Rc4d5]}) 6... h6 $146 (6... e5 $11) ({Predecessor:} 6... e5 7. Nh4 Be6 8. e4 dxe4 9. dxe4 Nc5 10. Nd2 Qd7 11. Kh2 Bd6 12. Qe2 O-O-O {0-1 (56) Padmini,R (2324)-Tokhirjonova,G (2329) Riadh 2017}) 7. c4 $1 $14 e6 8. cxd5 {White is better.} exd5 9. e4 (9. Nc3 $5 {[%cal Re2e4]}) 9... dxe4 10. dxe4 Bxe4 (10... Nxe4 $2 11. Nd4 g6 12. Qe2 $18 (12. g4 Qf6 $16)) 11. Re1 Be7 12. Nc3 Bxf3 13. Qxf3 {White wants to play Bf4.} c6 14. Qe2 {Black should prevent Bf4.} Nf8 15. Bf4 {[%mdl 1024] Black must now prevent Rad1. White has compensation.} Ne6 16. Rad1 Qa5 17. Be5 O-O 18. h4 Rfd8 19. Bh3 $1 Rxd1 20. Rxd1 Nf8 21. Bd4 Ng6 22. a3 Rd8 23. b4 $2 (23. Qc2 $11) 23... Qc7 $2 (23... Qxa3 $19 {[%cal Od8d4] Hoping for ...Rxd4!} 24. Bxf6 Rxd1+ 25. Nxd1 Bxf6) 24. h5 Nf8 25. Bxa7 Ra8 (25... Re8 $5 {[%cal Re7b4]} 26. Be3 Qe5 $11) 26. Be3 {Threatens to win with Bf4.} Qe5 27. Bc1 (27. Bd4 $11 {keeps the balance.} Qxe2 28. Nxe2) 27... Qxc3 $17 28. Qxe7 Re8 29. Qc5 Re1+ (29... Qf3 $17 30. Rf1 Ne6) 30. Rxe1 $11 Qxe1+ 31. Kg2 Nxh5 32. Be3 $36 {[%mdl 2048] White has some pressure.} Nf6 33. Bc8 (33. Qa7 $5 {[%cal Ra7b7]}) 33... Ne4 $2 (33... Ne6 $1 $11 {and Black has nothing to worry.} 34. Bxe6 fxe6) 34. Qd4 $18 Nc3 {[#]} 35. Bd2 $2 (35. Qd8 $1 $18 b6 36. Bg4) 35... Qe4+ $14 36. Qxe4 Nxe4 {[%mdl 4096] Endgame KBB-KNN} 37. Bf4 g5 (37... b5 $14) 38. Bb8 b5 39. Bb7 Nd7 {[#]} (39... f6 $16 {was called for.}) 40. Bxc6 $1 $18 Nxb8 41. Bxe4 {aiming for Bd3. KB-KN} Na6 42. Kf3 {Strongly threatening Ke3.} Kf8 (42... h5 $142 43. Bd3 Nc7) 43. Bd3 Nc7 44. Ke4 Ke7 45. Kf5 Ne6 46. Ke5 Nc7 47. g4 f6+ 48. Kf5 Ne6 49. Bf1 Nd4+ $2 (49... Nc7 50. Kg6 Ke6 51. Kxh6 Ke5) 50. Ke4 Nc2 51. Bxb5 Nxa3 52. Bd3 Ke6 53. b5 Ke7 54. Kf5 {Weighted Error Value: White=0.26 (precise) /Black=0.48} 1-0

[Event "Romanian-ch Open 2022"]
[Site "Eforie Nord"]
[Date "2022.02.23"]
[Round "5.8"]
[White "Gavrilescu, David"]
[Black "Vajda, Albert"]
[Result "1-0"]
[WhiteElo "2512"]
[BlackElo "2351"]
[Annotator "TA"]
[PlyCount "69"]
[EventDate "2022.02.20"]
[EventType "swiss"]
[EventCountry "ROU"]
[SourceTitle "playchess.com"]
[Source "ChessBase"]
[SourceQuality "1"]

{[%evp 17,69,0,6,0,6,0,4,0,0,0,15,14,70,48,75,35,88,80,100,100,119,124,95,99,113,101,171,168,222,236,222,147,256,252,461,467,415,231,227,222,217,140,466,457,440,440,708,710,666,500,518,504,2364,1982]} 1. e4 e5 2. Nf3 Nc6 3. Bc4 Bc5 4. c3 Nf6 5. d4 exd4 6. e5 d5 7. Bb5 Ne4 8. cxd4 Bb6 9. Nc3 O-O 10. Be3 {C54: Giuoco Piano: 4 c3 Nf6, main lines with 5 d4 and 5 d3.} Bg4 11. h3 Bh5 12. Qc2 {The position is equal.} Ba5 {12...Nxc3 gains popularity.} 13. O-O Bxc3 14. bxc3 Na5 {[#]} (14... f5 $11) 15. Bd3 $146 ({Predecessor:} 15. Nd2 Bg6 16. Qb2 c6 17. Be2 f5 18. Nxe4 fxe4 19. Qb4 b6 20. c4 dxc4 21. Bxc4+ Nxc4 22. Qxc4+ Qd5 23. Qxd5+ cxd5 24. Rfc1 {½-½ (24) Najer,E (2693)-Rodshtein,M (2688) Czech Republic 2017}) 15... Bg6 16. Rae1 {[%cal Oe5e6]} (16. e6 $5) 16... c5 ({Black should try} 16... Re8 $14) 17. dxc5 $16 Re8 18. c4 Nxc4 19. Bxc4 dxc4 20. Qxc4 {Strongly threatening Bc1.} Rc8 {[%cal Oe4c5]} 21. Rc1 Qa5 (21... Nxc5 $16 22. Bxc5 b6) 22. Rfd1 $18 b5 (22... Qc7 $142 23. Qa4 Qb8) 23. Qb3 b4 24. Bd4 {Prevents Nc3.} Rc6 (24... h5 $16 {was called for.}) 25. Nh4 Qd8 $2 (25... Nxc5 $2 26. Qd5 Be4 {[#]} 27. Rxc5 $1 {[%mdl 512]}) (25... Qc7 26. Qxb4 h6 27. Nxg6 Rxg6) 26. Nxg6 Rxg6 27. Qe3 (27. c6 $142) 27... Qa8 {[%cal Oe4c3]} 28. Qf3 {To avoid Nc3} Qc6 29. Re1 f5 {[%mdl 8192]} (29... Ng5 $16 {is a better chance.} 30. Qxc6 Rxc6) 30. exf6 {White is clearly winning.} gxf6 31. Re3 {aiming for Rce1.} Qd5 {[#]} (31... f5 $142 32. Qxf5 Nf6 33. Rxe8+ Nxe8) 32. c6 $1 {[%cal Bc5c6,Bc6c7][%mdl 32] And now c7! would win.} f5 {[#]} 33. c7 $1 Rc8 34. Bb2 Rg5 (34... Nf6 $142 35. Qxd5+ Nxd5) 35. Rd1 {White took control after the opening.  Weighted Error Value: White=0.17 (very precise) /Black=0.44} 1-0

[Event "Romanian-ch Open 2022"]
[Site "Eforie Nord"]
[Date "2022.02.23"]
[Round "5.9"]
[White "Istratescu, Andrei"]
[Black "Bonte, Andrei-Mihai"]
[Result "1/2-1/2"]
[WhiteElo "2470"]
[BlackElo "2349"]
[Annotator "TA"]
[PlyCount "68"]
[EventDate "2022.02.20"]
[EventType "swiss"]
[EventCountry "ROU"]
[SourceTitle "playchess.com"]
[Source "ChessBase"]
[SourceQuality "1"]

{[%evp 14,68,15,13,36,39,58,37,37,29,34,30,42,39,47,54,52,52,54,49,63,64,59,43,35,31,65,41,47,49,63,54,46,64,54,59,67,61,73,48,55,0,0,0,25,0,0,0,0,0,0,0,0,0,0,0,0]} 1. d4 d5 2. c4 c6 3. Nf3 Nf6 4. Nc3 e6 5. Bg5 h6 6. Bxf6 Qxf6 7. e3 Nd7 8. Rc1 dxc4 {D43: Semi-Slav: 5 Bg5 h6.} 9. Bxc4 {[#]} g6 $146 ({Predecessor:} 9... Bd6 10. O-O Qe7 11. e4 e5 12. d5 Nb6 13. Be2 Bd7 14. dxc6 Bxc6 15. Nd5 Nxd5 16. exd5 {1-0 (63) Ginzburg,A (2013)-Shchukin,A (1781) Irkutsk 2010}) 10. O-O (10. Ne4 {with more complications.} Qe7 11. Ne5 Bg7 12. f4 O-O 13. O-O) 10... Bg7 {White is slightly better.} 11. Qe2 O-O 12. Rfd1 Qe7 13. e4 e5 14. d5 Nb6 15. dxc6 bxc6 16. Bb3 Be6 17. Bxe6 Qxe6 18. b3 a5 19. Qe3 Rfb8 20. Qc5 $1 a4 21. Rd6 Qe8 22. Qxc6 {White is much more active.} Qxc6 23. Rxc6 axb3 24. axb3 Nd7 25. Rb1 Bf8 26. g3 Ra3 27. Nd2 (27. Rc7 $14 Nf6 28. Nxe5) 27... Nc5 $11 28. Kf1 Nxb3 29. Rxb3 (29. Nc4 {looks sharper.} Raa8 30. Nd5 Nd4 31. Rcb6 Rxb6 32. Ndxb6 Re8 33. Kg2) 29... Raxb3 {The position is equal.} 30. Nxb3 Rxb3 {KRB-KRN} 31. Nd5 Kg7 32. h4 h5 33. Ne3 Ba3 34. Nc4 Bb2 {Weighted Error Value: White=0.06 (flawless) /Black=0.06 (flawless)} 1/2-1/2

[Event "Romanian-ch Open 2022"]
[Site "Eforie Nord"]
[Date "2022.02.23"]
[Round "5.10"]
[White "Dobre, Claudiu-Cristian"]
[Black "Ghimpu, Samuel-Timotei"]
[Result "0-1"]
[WhiteElo "2298"]
[BlackElo "2420"]
[Annotator "TA"]
[PlyCount "78"]
[EventDate "2022.02.20"]
[EventType "swiss"]
[EventCountry "ROU"]
[SourceTitle "playchess.com"]
[Source "ChessBase"]
[SourceQuality "1"]

{[%evp 13,78,0,0,-35,-39,-30,-40,-32,-47,-57,-44,-48,-51,-54,-49,-47,-41,-47,-52,-55,-20,-24,-29,-34,-33,-65,-11,-27,6,0,39,14,63,59,78,34,47,45,46,-13,-20,-178,-171,-397,-385,-546,-533,-518,-464,-1625,-1537,-1385,-568,-553,-553,-520,-495,-1603,-1606,-1236,-1033,-29968,-29966,-29965,-11637,-3048,-1399]} 1. c4 Nf6 2. Nc3 e5 3. Nf3 Nc6 4. e3 Bb4 5. Qc2 O-O 6. Nd5 Re8 7. a3 Bf8 8. Qf5 {A28: English Opening: Four Knights Variation.} Nxd5 9. cxd5 {[#] Threatens to win with Ng5.} d6 $1 10. Qc2 {Black is slightly better.} Ne7 {[#]} 11. e4 $146 ({Predecessor:} 11. Bc4 g6 12. b4 {½-½ (12) Mirzoev,E (2493)-Hopman,P (2347) Bayerisch Eisenstein 2019}) 11... Bg4 12. Be2 $1 c6 13. dxc6 Nxc6 ({Reject} 13... bxc6 14. O-O $11) 14. O-O Rc8 15. Qd1 d5 16. d3 dxe4 17. dxe4 Qb6 18. b4 $1 Red8 19. Qa4 Be6 ({Better is} 19... Bd7 $15 20. Bg5 Nd4) 20. Bd2 f6 21. Rac1 g5 22. h3 h5 (22... a6 $11 {was preferrable.}) 23. Be3 $14 Nd4 24. Nxd4 (24. Rxc8 $16 Rxc8 25. Bxd4 exd4 26. Qd1) 24... exd4 25. Bd2 g4 $1 26. hxg4 (26. Rxc8 $14 Rxc8 27. hxg4) 26... d3 $1 $11 27. Rxc8 $2 {Loses the game.} (27. Bd1 $11 Rxc1 28. Bxc1 hxg4 29. Bd2 (29. Be3 Qc7 $11)) 27... dxe2 $19 28. Rxd8 $2 (28. Be3 {was forced.} exf1=Q+ 29. Kxf1) 28... Qxd8 {The board is on fire.} ({Don't go for} 28... exf1=Q+ $2 29. Kxf1 Qxd8 30. Qc2 $19) 29. Be3 (29. Qc2 {is the only way for White.} exf1=N 30. Kxf1) 29... exf1=Q+ 30. Kxf1 hxg4 {[#] White must now prevent ...Qd3+.} 31. Bxa7 (31. Qc2 $142) 31... Qd3+ 32. Kg1 Qxe4 (32... b5 $142 33. Qa5 Bd6) 33. Qe8 Bd5 {[%csl Gd5][%cal Re4g2]} 34. Qxe4 Bxe4 35. Kf1 (35. Bb8 $142) 35... b5 36. Be3 Kf7 37. g3 Ke6 38. Bd4 f5 {( -> ...Kd5)} 39. Ke2 Kd5 {Weighted Error Value: White=0.83/Black=0.30} 0-1

[Event "Romanian-ch Open 2022"]
[Site "Eforie Nord"]
[Date "2022.02.23"]
[Round "5.11"]
[White "Coca, Cristi-Iulian"]
[Black "Stoleriu, George"]
[Result "1/2-1/2"]
[WhiteElo "2147"]
[BlackElo "2419"]
[Annotator "TA"]
[PlyCount "31"]
[EventDate "2022.02.20"]
[EventType "swiss"]
[EventCountry "ROU"]
[SourceTitle "playchess.com"]
[Source "ChessBase"]
[SourceQuality "1"]

{[%evp 11,31,-11,-4,-18,-18,-24,-17,-12,-10,-25,-17,-24,-6,-22,0,-19,6,-17,18,0,25,16]} 1. e4 e6 2. d4 d5 3. Nc3 Nf6 4. exd5 exd5 5. Bd3 Nc6 6. Nge2 Nb4 7. Bf4 {Recently 7.Bb5+ got a lot of attention. C01: French: Exchange Variation.} c6 8. Ng3 {Prevents Nh5.} Nxd3+ 9. Qxd3 {The position is equal.} Be7 10. O-O O-O 11. Rfe1 Re8 12. Re2 Be6 13. Rae1 Qd7 14. Nd1 {[#]} Rad8 $146 ({Predecessor:} 14... Ne4 15. Nxe4 dxe4 16. Qxe4 Bg4 17. f3 Bf5 18. Qe3 Bxc2 19. Rxc2 Bb4 20. Nc3 Rxe3 21. Bxe3 {0-1 (48) Carr,W-Jenkins,T San Francisco 1961}) 15. c3 a6 16. Ne3 {An even fight not without its subleties.  Weighted Error Value: White=0.08 (flawless) /Black=0.11 (very precise)} 1/2-1/2

[Event "Romanian-ch Open 2022"]
[Site "Eforie Nord"]
[Date "2022.02.23"]
[Round "5.12"]
[White "Creanga, Robert-Ionut"]
[Black "Cosma, Ioan"]
[Result "1/2-1/2"]
[WhiteElo "2115"]
[BlackElo "2396"]
[Annotator "TA"]
[PlyCount "85"]
[EventDate "2022.02.20"]
[EventType "swiss"]
[EventCountry "ROU"]
[SourceTitle "playchess.com"]
[Source "ChessBase"]
[SourceQuality "1"]

{[%evp 9,85,35,24,22,33,29,31,28,44,37,210,209,212,214,203,205,327,337,322,308,312,275,281,285,299,293,572,590,593,483,472,476,460,431,539,403,393,380,400,389,387,381,386,366,392,388,392,392,393,393,393,393,360,287,287,280,280,280,287,260,326,317,310,298,273,252,386,362,320,192,214,135,255,0,0,0,0,0]} 1. d4 {Rowson,J} e6 2. c4 Bb4+ 3. Bd2 Bxd2+ 4. Qxd2 d5 5. Nc3 Nf6 6. e3 {A40: Unusual replies to 1 d4.} O-O 7. cxd5 exd5 8. Bd3 {White is slightly better.} Bg4 {[#]} 9. h3 $146 ({Predecessor:} 9. Nge2 Bxe2 10. Bxe2 Qe7 11. O-O Nbd7 12. b4 a6 13. Rab1 c6 14. Bd3 Rfe8 15. Rfe1 {½-½ (72) Flear,G (2519)-Turner,M (2487) Southend 2000 CBM 076 [Rowson,J]}) 9... Bh5 {[#]} ({Black should try} 9... Bc8 $14) 10. f4 $1 $18 {[%cal Bf2f4,Bf4f5][%mdl 32]} h6 {[#]} 11. f5 $1 Re8 {[%cal Oc7c5]} 12. g4 Bxg4 (12... Qe7 $142 13. gxh5 c5) 13. hxg4 Nxg4 14. O-O-O {Nf3 is the strong threat.} Nd7 15. Re1 ({Weaker is} 15. Nxd5 Nb6 $16) 15... Ndf6 16. Nh3 {[%cal Bg1h3,Bh3f2,Bf2d3][%mdl 32]} Qd6 17. Nf2 Nh2 (17... Nxf2 18. Qxf2 Kh8) 18. Be2 Qg3 19. Nd3 Nf3 20. Bxf3 Qxf3 21. Rhf1 Qg3 22. Ne5 Rxe5 23. dxe5 Qxe5 24. Qd4 Qxd4 25. exd4 Kf8 26. Kd2 c6 27. a4 a5 28. Rb1 Ne8 29. b4 axb4 30. Rxb4 Nd6 31. Nd1 Ke7 32. Ne3 {[%cal Of5f6]} Kf6 33. Kd3 h5 34. Rh1 g6 35. fxg6 fxg6 36. Rf1+ Kg5 37. Rb2 {aiming for Rg2+.} Kh6 (37... Rxa4 {is a better defense.} 38. Rg2+ Kh6) 38. Rf6 Ne4 39. Rf7 Rxa4 40. Rbxb7 c5 (40... Ra2 $16 {was called for.} 41. Nf1 Ra3+ 42. Kc2 Nd6) 41. Nxd5 $2 (41. Rbe7 $18) 41... Rxd4+ $11 42. Ke3 {Strongly threatening Nf4.} Nd6 43. Nf4 {Weighted Error Value: White=0.24 (precise) /Black=0.35} 1/2-1/2